000 00591nam a2200229Ia 4500
003 OSt
005 20230615155407.0
008 210423s2011 xx 000 0 und d
020 _a9780070141704
040 _cAL
041 _aeng
082 _a621.381 LEAD
_223
100 _aLEACH (Donald P);others.
_994786
245 _aDigital principles and applications.
250 _a7
260 _aNew Delhi
_bTata McGraw-hill
_c2011
300 _axxi,682
_bPB
365 _b399
_cINR
650 _aElectronics
_994787
906 _aapplications. ; Digital ; principles
942 _2ddc
_cBK
999 _c161936
_d161936